On This Day (October 29th) Multiple Choice - Statistics

General Stats
  • This quiz has been taken 9 times
  • The average score is 5 of 15
Answer Stats
Question Answer % Correct
2004 – Which news network broadcasts an excerpt from an Osama bin Laden video in which the terrorist leader admits direct responsibility for the 9-11 attacks ? Al Jazeera
67%
1863 – Eighteen countries meet in Geneva and agree to form which organisation ? International Red Cross
67%
1986 – British Prime Minister Margaret Thatcher opens the last stretch of which British motorway ? M 25
67%
1960 – In Louisville, Kentucky, which future world champion boxer wins his first professional fight ? Muhammad Ali (as Cassius Clay)
67%
1944 – Which Dutch city is liberated by 1st Polish Armoured Division ? Breda
56%
1967 – Which city's World Fair, Expo 67, closes with over 50 million visitors ? Montreal
56%
1998 – A discothèque fire in Sweden kills 63 and injures 200 in which city ? Gothenburg
44%
1921 – The Link River Dam, a part of the Klamath Reclamation Project, is completed in which US state ? Oregon
44%
1955 – The Soviet battleship "Novorossiysk" strikes a World War II mine in the harbour of which city ? Sevastopol
22%
1994 – Francisco Martin Duran fires over two dozen shots at which building in an attempt to kill Bill Clinton ? White House
22%
1998 – Hurricane Mitch, the second deadliest Atlantic hurricane in history, makes landfall in which country ? Honduras
11%
1985 – Major General Samuel K. Doe is announced the winner of the first multi-party election in which African country ? Liberia
11%
1390 – The first trial for witchcraft in which European city leads to the death of three people ? Paris
11%
2015 – China announces the end of it's One-child policy after how many years ? 35
0%
1787 – Which opera by Mozart receives its first performance in Prague ? Don Giovanni
0%
No matching quizzes found
Score Distribution
Percent of People with Each Score
Percentile by Number Answered
Your Score History
You have not taken this quiz